Movies Quiz

Random Movies or Clickable Quiz
Score 0/20 Timer 05:00
2 Plays Today
% Correct
Jurassic World
91.7%
The Hunger Games
90.3%
Raiders of the Lost Ark
89.1%
Forrest Gump
88.7%
The Shawshank Redemption
86.3%
Rogue One
84.9%
A League of Their Own
82.6%
Fargo
82.2%
Life of Pi
81.7%
Little Shop of Horrors
80.7%
% Correct
Dances with Wolves
78.8%
The Martian
77.2%
Gone with the Wind
74.8%
The Truman Show
73.9%
Animal House
73.2%
Young Frankenstein
73.2%
The Princess Bride
71.3%
Moulin Rouge!
70.9%
Airplane!
70.5%
Julie & Julia
65.3%
Remove Ads.
Support Sporcle.
Get the best of Sporcle when you Go Orange. This ad-free experience offers more features, more stats, and more fun while also helping to support Sporcle. Thank you for becoming a member.

You're not logged in!

Compare scores with friends on all Sporcle quizzes.
OR
Log In

Show Comments

Extras

Top Quizzes Today


Score Distribution

Your Account Isn't Verified!

In order to create a playlist on Sporcle, you need to verify the email address you used during registration. Go to your Sporcle Settings to finish the process.

Report this User

Report this user for behavior that violates our Community Guidelines.

Details: